000 00858nam a2200253Ia 4500
003 OSt
005 20220923212936.0
006 a|||||r|||| 00| 0
007 ta
008 220922b |||||||| |||| 00| 0 hin d
024 _a157,154
037 _cTextual
040 _aARTS
_cARTS
_bhin
041 _2hin
_ahin
082 _aO152:gN, M0
100 _aजैन, निर्मला
245 0 _aआधुनिक साहित्य मूल्य और मूल्यांकन
246 _aĀdhunik sāhitya mūlya aur mūlyāankana
260 _aनई दिल्ली
_b राजकमल प्रकाशन
_c1980
300 _a144 पृ.
_ccm.
650 _aहिन्दी साहित्य
_9156264
942 _hO152:gN, M0
_cTEXL
_2CC
999 _c312371
_d312371